Responses for Show #1431 - Monday, November 19, 1990

Game entered from audiorecording. Missing prizes.

Contestants

[<< previous game]

Susan Slusky, a physicist from Highland Park, New Jersey

Barry Hamilton, an attorney from Rockville, Maryland

Jim Arnold, a law student originally from Kansas City, Missouri (whose 1-day cash winnings total $300)

[next game >>]

Jeopardy! Round responses

COLONIAL AMERICA
HOLLYWOOD TRIVIA
FOOD & DRINK
MUSIC
BASEBALL
8-LETTER STATES
    $100 21
New England

Susan
    $100 8
the House Un-American Activities Committee

Susan
    $100 15
cider

Jim
    $100 2
an oratorio

Susan
    $100 20
the Yankees

Susan
    $100 1
Oklahoma

Barry
    $200 22
(Jim: What's a one-legged stool?)

a dunking stool

JimBarry
    $200 12
Warner

Barry
    $200 16
ketchup

Jim
    $200 4
Handel

Barry
    $200 23
Johnny Bench

Susan
    $200 30
(Susan: What's Arizona?)

Colorado

BarrySusan
    $300 14
San Antonio

Jim
    $300 13
box office

Susan
    $300 11
succotash

Barry
    $300 5
Victor Herbert

Barry
    $300 25
(California) Angels

Barry
    $300 9
Missouri

Susan
    $400 24
(Alex: And we have a minute to go.)

New Jersey

Barry
    $400 18
Orson Welles

Barry
    $400 17
cappuccino

Barry
    $400 6
Beethoven

Barry
    $400 26
Wade Boggs

Barry
    $400 3
Michigan

Barry
    $500 28
John Adams

Susan
    $500 19
Donald O'Connor

Barry
    $500 29
hazelnuts

Jim
    $500 7
(Alex: You did well in that music category.)

Franz Schubert

Barry
    $500 27
Jose Canseco

Barry
    $500 10
(Susan: What is Kentucky?)

Arkansas

Susan

Scores at the first commercial break (after clue 15):

Jim Barry Susan
$400 $2,400 $300

Scores at the end of the Jeopardy! Round:

Jim Barry Susan
$900 $5,700 $1,000

Double Jeopardy! Round responses

BIOGRAPHIES
ITALY
FOREIGN WORDS & PHRASES
TECHNOLOGY
MYTHS & LEGENDS
ALL GONE
    $200 7
Margaret Mead

Susan
    $200 12
Roman Catholic

Susan
    $200 1
bread & water

Jim
    $200 6
bobby pins

Barry
    $200 17
Ceres

Jim
    $200 25
the Minutemen

Barry
    $400 8
Carol Lombard

Susan
    $400 13
(Susan: What's the heel?)

the toe

BarrySusan
    $400 2
kismet

Susan
    $400 22
Murdoch

Jim
    $400 18
(Barry: What is the minotaur?)

the hydra

Barry
Triple Stumper
    $400 26
(Susan: What are the Hudsons?)

Ramblers

Susan
Triple Stumper
    $600 9
Dorothy Parker

Susan
    $600 14
the Po

Barry
    $600 3
salmon

Susan
    $600 23
(Alex: Hence we have the famous [*]. Fountain [*].)

Parker pens

Triple Stumper
    $600 19
Zeus

Susan
    $600 27
(Barry: Who was Wonder Woman?)

Supergirl

Barry
Triple Stumper
    $800 10
(Susan: Who is Buckminster Fuller?)

Samuel Morse

Susan
Triple Stumper
    $800 15
the Tower of Pisa

Jim
    $800 4
a grain of salt

Susan
    $800 24
the English Channel

Barry
    $800 20
Terpsichore

Susan
    $3,000 28
December 31, 2000

Barry
    $1000 11
Ethel Merman

Susan
    $1000 16
Clara Petacci

Triple Stumper
    $1000 5
(Susan: What is "When the cat is gone, the mice play...dance?")
(Alex: [*], that's pretty close.)

When the cat's away, the mice will play

Susan
    $2,700 30
(Susan: What is Lake Erie?)
(Alex: No, sorry, you were in the wrong part of the country. What is [*]? You had to head south for that one.)

Lake Okeechobee

Susan
    $1000 21
(Alex: Now we come to the story of the minotaur and [*]. [*].)

Theseus

Triple Stumper
    $1000 29
Shakespeare

Susan

Scores at the end of the Double Jeopardy! Round:

Jim Barry Susan
$2,500 $9,900 $4,300
(lock game)

[wagering suggestions for these scores]

Final Jeopardy! Round responses

THE BRITISH COMMONWEALTH
JimWhat is Canada?
$1,200
SusanWhat is India?
$4,000
BarryWhat is Nigeria?
$1,000
India

Final scores:

Jim Barry Susan
$1,300 $8,900 $8,300
3rd place New champion: $8,900 2nd place

Game dynamics:

Coryat scores:

Jim Barry Susan
$2,500 $7,700 $7,500
8 R,
1 W
23 R
(including 1 DD),
2 W
20 R,
6 W
(including 2 DDs)

Combined Coryat: $17,700

[game clues] [game scores] [suggest correction]

Game tape date: 1990-09-11
The J! Archive is created by fans, for fans. Scraping, republication, monetization, and malicious use prohibited; this site may use cookies and collect identifying information. See terms. The Jeopardy! game show and all elements thereof, including but not limited to copyright and trademark thereto, are the property of Jeopardy Productions, Inc. and are protected under law. This website is not affiliated with, sponsored by, or operated by Jeopardy Productions, Inc. Join the discussion at JBoard.tv.